000 00416pab a2200145 454500
008 180718b1986 xxu||||| |||| 00| 0 eng d
100 _aRao, K.P.C.
245 _aStructural changes, sectoral performance and inter - sectoral linkages in Andhra Pradesh economy
260 _c1986
300 _a62-76
362 _aJan.
650 _aRegional Planning - India - Andhra Pradesh
773 _aMargin
909 _a17128
999 _c17128
_d17128